000 00611nam a2200241Ia 4500
003 OSt
005 20221007081806.0
006 a|||||r|||| 00| 0
007 ta
008 221006b |||||||| |||| 00| 0 eng d
024 _a25,382
037 _cTextual
040 _aFLL
_cFLL
_beng
041 _2eng
_aeng
082 _aZ3:6, J2
100 _aCheshire G. C.
_9152548
245 0 _aPrivate international law
250 _a4th
260 _aOxford
_bThe Clarendon Press UK
_c1952
300 _al,687p
_ccm.
942 _hZ3:6, J2
_cTEXL
_2CC
999 _c1164283
_d1164283